ბათუმის შოთა რუსთაველის სახელმწიფო უნივერსიტეტის ბიბლიოთეკა

ჩანაწერი Personal Name

ჩანაწერთა რაოდენობა, რომელიც გამოყენებულია: 1

001 - CONTROL NUMBER

  • control field: 19950

003 - CONTROL NUMBER IDENTIFIER

  • control field: GE_BSU

005 - DATE AND TIME OF LATEST TRANSACTION

  • control field: 20230928155139.0

008 - FIXED-LENGTH DATA ELEMENTS

  • fixed length control field: 230928|| aca||aabn | a|a d

040 ## - CATALOGING SOURCE

  • Original cataloging agency: GE_BSU
  • Transcribing agency: GE_BSU

100 ## - HEADING--PERSONAL NAME

  • Personal name: Dollez,Caterine

670 ## - SOURCE DATA FOUND

  • Source citation: Work cat.: (GE_BSU)49460: Dollez,Caterine , Alter Ego. 4 Guide Pedagogique :